Medzinárodný manažment a medzinárodné podnikanie prípadové štúdie
Na minha lista:
| Autor principal: | |
|---|---|
| Autor Corporativo: | |
| Outros Autores: | , , |
| Formato: | Livro |
| Idioma: | eslovaco |
| Publicado em: |
Bratislava
Vydavateľstvo EKONÓM
2012
|
| Edição: | 1. vyd. |
| Assuntos: | |
| Tags: |
Sem tags, seja o primeiro a adicionar uma tag!
|
MARC
| LEADER | 00000nam a2200000 4500 | ||
|---|---|---|---|
| 001 | 0162298 | ||
| 005 | 20240502072818.4 | ||
| 020 | |a 978-80-225-3493-2 | ||
| 041 | 0 | |a slo | |
| 044 | |a SK | ||
| 245 | 1 | 0 | |a Medzinárodný manažment a medzinárodné podnikanie |b prípadové štúdie |c Zuzana Roby, Katarína Procházková ; recenzenti: Miroslav Majtán, Gréta Balátová |
| 250 | |a 1. vyd. | ||
| 264 | 1 | |a Bratislava |b Vydavateľstvo EKONÓM |c 2012 | |
| 300 | |a 116 s. [5,365 AH] | ||
| 610 | 2 | 0 | |a manažment medzinárodný |
| 610 | 2 | 0 | |a podnikanie medzinárodné |
| 610 | 2 | 0 | |a globalizácia |
| 610 | 2 | 0 | |a internacionalizácia |
| 610 | 2 | 0 | |a Európska únia |
| 610 | 2 | 0 | |a trh zahraničný |
| 610 | 2 | 0 | |a vývoz |
| 610 | 2 | 0 | |a franchising |
| 610 | 2 | 0 | |a joint ventures |
| 610 | 2 | 0 | |a akvizícia |
| 610 | 2 | 0 | |a marketing mix |
| 610 | 2 | 0 | |a marketing medzinárodný |
| 610 | 2 | 0 | |a sponzorovanie |
| 610 | 2 | 0 | |a rokovania obchodné |
| 610 | 2 | 0 | |a kultúra |
| 610 | 2 | 0 | |a rozhodovanie strategické |
| 100 | 1 | |a Roby, Zuzana | |
| 700 | 1 | |a Procházková, Katarína, 1983- | |
| 700 | 1 | |a Majtán, Miroslav | |
| 700 | 1 | |a Balátová, Gréta | |
| 710 | 2 | |a Ekonomická univerzita v Bratislave. Fakulta podnikového manažmentu | |